000 00863cam a22003374a 4500
001 117643
003 DO-SdBNP
005 20160712155453.0
007 117643
008 961115s2004 xxu 000 0 eng c
010 _a
020 _a9780743269513
035 _a
035 _a
040 _aBPMSU
_c spa
_dBPMSU
042 _a
050 0 0 _a
_b
082 0 0 _a
_2
100 1 _a Covery, Stephen R.
245 1 4 _aThe 7 habits of highly defective people :
_brestoring the character Ethic /
_cStephen R. Covery
246 3 _aSeven habits of highly defective people
260 _aNew York :
_bFree Press,
_c2004
300 _a372 p. ;
_b
_c 24 cm.
500 _aover 15 million sold
650 0 _aBest sellers
_vHumor.
650 0 _aParodies.
700 1 _a
942 _2ddc
_cBK
956 _aVMATEO
_b10
_c20160712
_dBPMSU
_f00069
999 _c10845
_d10845